000 01553nam a2200337 c 4500
003 BLK
005 20180422103912.0
008 180408b bul|||||r ||||||| ||bul||
010 _aKNG00085127000
020 _a978-954-491-304-5
_bиздат.: Жанет 45
040 _aBLK
041 _aBUL
_cBUL
080 _aСоциография. Социално положение. Условия на политическия и социалния живот. Социално и социално-икономическо положение на отделните страни, народи, раси. Социална география. (Общи въпроси)
_b308
_x(729.1)(02.062)
_z308(729.1)(02.062)
700 1 _aИванова, Диана
_eтекст и фотоматериал
_gГеоргиева, Диана Иванова
_9363426
139 _aИванова, Диана
_bИ 22
245 1 0 _aКуба за начинаещи
_cтекст и фотоматериал Диана Иванова.
257 _aBGR
260 Пловдив
_bЖанет 45
_bв. Капитал
_c2006
300 _a8 с.
_bсъс сн.
_c15Х15 см
380 _a3
500 _aСъдържа и Кубински речник за начинаещи ; Сайтове за Куба.
650 4 _aКуба
_9272036
651 4 _aКуба
_9272036
653 _aскици
653 _aинтервюта
852 _aЦб І 33089
856 4 _qpdf
_u
856 4 _qpdf
_u
942 _cKNG
_n0
944 _aCR
_c26.08.2008
_kЛюдмила_Стоянова
944 _aED
_c03.10.2008
_k
999 _c80639
_d80639